000
00259nam a2200109Ia 4500
008
200302s9999 xx 000 0 und d
100
_a
R. Nath
245
_a
Fathepur Sikri and Monuments
260
_b
The Historical Research
260
_c
2000
300
_a
160p.,
999
_c
2496
_d
2496